000 00494nam a2200169Ia 4500
008 230917s9999||||xx |||||||||||||| ||und||
020 _cGBP44.95
040 _e232504
_aMAIN
041 _aEnglish
082 _a647.94068 M486H
100 _aMelissen, Frans
245 0 _aHospitality experience: An introduction to hospitality management
260 _aNetherland
_bNoordhoff Vitgevers
_c2014
300 _a285 p.
500 _a2298 10/03/2016 HBD16/1804 14/03/2016 Main Budget
942 _cBK
999 _c18362
_d18362